Quantum Electronics and Laser Science Conference : summaries of papers presented at the Quantum Electronics and Laser Science Conference, May 10-15, 1992, Anaheim, California /

Bibliographic Details
Corporate Authors: Quantum Electronics and Laser Science Conference Anaheim, Calif., American Physical Society, Lasers and Electro-optics Society (Institute of Electrical and Electronics Engineers), Optical Society of America
Format: Conference Proceeding Book
Language:English
Published: Washington, D.C. : Optical Society of America, [1992]
Edition:Conference ed.
Series:Technical digest series (Optical Society of America) (Conference ed.) ; 1992, v. 13.
Subjects:

MARC

Tag First Indicator Second Indicator Subfields
LEADER 00000cam a2200000 a 4500
001 in00001083421
005 20150929162741.0
008 920824s1992 dcua b 101 0 eng d
010 |a  91080623  
020 |a 1557522391 (Conference ed.) 
020 |a 1557522618 (Technical digest series) 
020 |a 0780306627 (IEEE : casebound) 
035 |a (OCoLC)26473452 
035 |9 AFR0572AM 
040 |a EZT  |c EZT  |d TXA  |d UtOrBLW 
049 |a TXAM 
090 |a QC685  |b .Q82 1992 
111 2 |a Quantum Electronics and Laser Science Conference  |n (3rd :  |d 1992 :  |c Anaheim, Calif.) 
245 1 0 |a Quantum Electronics and Laser Science Conference :  |b summaries of papers presented at the Quantum Electronics and Laser Science Conference, May 10-15, 1992, Anaheim, California /  |c sponsored by American Physical Society, IEEE/Lasers and Electro-Optics Society, Optical Society of America, in cooperation with Quantum Electronics Division of the European Physical Society, Japanese Quantum Electronics Joint Group. 
250 |a Conference ed. 
264 1 |a Washington, D.C. :  |b Optical Society of America,  |c [1992] 
264 4 |c ©1992 
300 |a xvi, 312 pages :  |b illustrations ;  |c 28 cm. 
336 |a text  |b txt  |2 rdacontent 
337 |a unmediated  |b n  |2 rdamedia 
338 |a volume  |b nc  |2 rdacarrier 
490 1 |a 1992 technical digest series ;  |v v. 13 
500 |a Cover title: 1992 Conference on Quantum Electronics and Laser Science. 
504 |a Includes bibliographical references and index. 
500 |a "IEEE catalog number: 92CH3153-4"--Title page verso. 
650 0 |a Lasers  |v Congresses. 
650 0 |a Quantum electronics  |v Congresses. 
710 2 |a American Physical Society. 
710 2 |a Lasers and Electro-optics Society (Institute of Electrical and Electronics Engineers) 
710 2 |a Optical Society of America. 
740 0 |a Quantum electronics and laser science. 
830 0 |a Technical digest series (Optical Society of America) (Conference ed.) ;  |v 1992, v. 13. 
999 |a MARS 
999 f f |s 8b457e18-a40b-3276-a172-34f0e9d10f16  |i 0bafd39d-b7e4-3184-b037-75f6c16430b9  |t 0 
952 f f |p ric  |a Texas A&M University  |b Rellis Campus  |c Joint Library Facility  |d Remote Storage  |t 0  |e QC685 .Q82 1992  |h Library of Congress classification  |i unmediated -- volume  |m A14816155454 
998 f f |a QC685 .Q82 1992  |t 0  |l Remote Storage